Statistics for Allies of China

Click here to take the quiz!

General Stats

  • This quiz has been taken 46 times
  • The average score is 44 of 60

Answer Stats

Partner(s):Country:% Correct
China/USAVietnam
100%
China/RussiaNorth Korea
97%
ChinaCambodia
94%
ChinaLaos
94%
China/RussiaMongolia
92%
China/Russia/USAEgypt
86%
China/USAIndonesia
86%
China/RussiaLibya
86%
ChinaPakistan
86%
China/RussiaAlgeria
83%
China/RussiaCuba
83%
China/IndiaNepal
83%
China/UKNigeria
83%
China/USAThailand
83%
ChinaAfghanistan
81%
China/WestDemocratic Republic of the Congo
81%
ChinaEthiopia
81%
China/RussiaKyrgyzstan
81%
China/RussiaSudan
81%
China/RussiaTajikistan
81%
China/USAAngola
78%
China/UKBrunei
78%
China/UKKenya
78%
China/USAMorocco
78%
China/AustraliaPapua New Guinea
78%
ChinaSomalia
78%
China/Russia/UKSouth Africa
78%
ChinaSouth Sudan
78%
China/AustraliaTimor-Leste
78%
China/RussiaUzbekistan
78%
China/FranceChad
75%
China/UKGhana
75%
China/South AfricaNamibia
75%
China/FranceRepublic of the Congo
75%
China/UKSingapore
75%
ChinaTanzania
75%
China/RussiaVenezuela
75%
ChinaMozambique
72%
ChinaUganda
72%
ChinaZambia
72%
ChinaZimbabwe
72%
China/FranceTogo
69%
ChinaBangladesh
67%
China/FranceMauritania
67%
China/FranceBenin
64%
China/UKMaldives
64%
China/RussiaSri Lanka
64%
China/RussiaBolivia
61%
China/UKGambia
61%
China/FranceIvory Coast
61%
China/WestLiberia
61%
China/UKSierra Leone
61%
ChinaRwanda
58%
ChinaBurundi
56%
China/FranceEquatorial Guinea
56%
China/PortugalGuinea-Bissau
56%
China/AustraliaSolomon Islands
53%
China/UKFiji
50%
China/PortugalCape Verde
44%
China/PortugalSao Tome and Principe
44%

Score Distribution

Percentile by Number Answered

Percent of People with Each Score

Your Score History

You have not taken this quiz